MARC
| LEADER | 00000nam a22000007a 4500 | ||
|---|---|---|---|
| 008 | 201222b ||||| |||| 00| 0 eng d | ||
| 100 | |a BECK, Richard J. | ||
| 245 | |a Shakespeare: Henry IV |c Richard J. Beck | ||
| 260 | |b E. Arnold |c 1965 |h London |i 71993 |l PR2809 .A2B38 | ||
| 942 | |a lcc |c BK |e ADEYEYE Y. S. |f 22/12/2020 | ||
| 952 | |0 0 |1 0 |2 lcc |4 0 |6 PR2809 A2 B38 |7 0 |9 1117 |a HOL |b HOL |c LP |d 2020-12-22 |l 0 |o PR2809 .A2B38 |p 2020-230326 |r 2020-12-22 00:00:00 |w 2020-12-22 |y BK | ||
| 999 | |c 579 |d 579 | ||